| 000 | 00725cam a2200241 4500500 | ||
|---|---|---|---|
| 005 | 20260405003359.0 | ||
| 041 | _afre | ||
| 042 | _adc | ||
| 100 | 1 | 0 |
_aPerragin, Charles _eauthor |
| 245 | 0 | 0 | _aEmmanuel Grimaud : “Face à un robot, nous entrons dans la ‘vallée de l’étrange’” |
| 260 | _c2021. | ||
| 500 | _a83 | ||
| 690 | _achangement | ||
| 690 | _aDivinité | ||
| 690 | _aHumanité | ||
| 690 | _aInde | ||
| 690 | _aLogique | ||
| 690 | _aMachine | ||
| 690 | _aRobot | ||
| 690 | _aTechnologie | ||
| 786 | 0 | _nPhilosophie magazine | 153 | 10 | 2021-10-01 | p. 35-35 | 1951-1787 | |
| 856 | 4 | 1 | _uhttps://shs.cairn.info/magazine-philosophie-magazine-2021-10-page-35?lang=fr&redirect-ssocas=7080 |
| 999 |
_c2066977 _d2066977 |
||